000 01507cad a22002175a 4500
001 L142158
008 080125e20070904xxk f v 000 0 eng d
035 _a(Sirsi) u142158
041 0 _aeng
245 0 0 _aRichard Parsons Ltd v Bristol City Council
_h[electronic resource]
260 _c2007
520 _a[2007] EWLands ACQ 190 2006. 4 September 2007. Compensation for compulsory purchase should take into consideration other savings made by the business owner. A retail tenant claimed compensation from the City Council after his shop was compulsorily purchased to build a new shopping centre. The council argued that the retailer would have been liable for the cost of dilapidations, had it not been for the compulsory purchase which relieved the recipient of certain liabilities and that the amount awarded in compensation should reflect this. Held: the Lands Tribunal agreed with the council in principle that breaches of the repair obligation should be taken into consideration, but compensation will be assessed by valuers at a later date.
590 _aKA
650 2 4 _aLANDS TRIBUNAL ACT 1949
650 2 4 _aRICHARD PARSONS LTD V BRISTOL CITY COUNCIL
650 2 4 _aTOWN AND COUNTRY PLANNING ACT 1990
651 4 _aEngland and Wales
_y1543-
690 _aENVIRONMENTAL AND LAND CONSULTANCY-PLANNING AND DEVELOPMENT-COMPULSORY PURCHASE AND COMPENSATION
856 4 0 _uwww.bailii.org/ew/cases/EWLands/2007/ACQ_190_2006.html
_zView the judgment free of charge at www.bailii.org...
942 _n0
999 _c79735
_d79735